Hai tượng trong chùa Nhạn Sơn và động thái tín ngưỡng của người Việt ở Bình Định

Guardat en:
Dades bibliogràfiques
Autor principal: Nguyễn, Văn Dự
Format: Llibre
Idioma:Undetermined
Matèries:
Accés en línia:http://lrc.tdmu.edu.vn/opac/search/detail.asp?aID=2&ID=40980
Etiquetes: Afegir etiqueta
Sense etiquetes, Sigues el primer a etiquetar aquest registre!
Thư viện lưu trữ: Trung tâm Học liệu Trường Đại học Thủ Dầu Một
LEADER 00673nam a2200145Ia 4500
001 TDMU_40980
008 210410s9999 xx 000 0 und d
082 |a 301 
100 |a Nguyễn, Văn Dự 
245 0 |a Hai tượng trong chùa Nhạn Sơn và động thái tín ngưỡng của người Việt ở Bình Định 
245 0 |c Nguyễn Văn Dự 
300 |a tr.26-35 
650 |a Ông Đỏ ông Đen; Tượng; Biểu tượng tín ngưỡng; Chùa Nhạn Sơn; Bình Định 
856 |u http://lrc.tdmu.edu.vn/opac/search/detail.asp?aID=2&ID=40980 
980 |a Trung tâm Học liệu Trường Đại học Thủ Dầu Một